Sea anemones / (Record no. 882)

MARC details
000 -LEADER
fixed length control field 00864cam a2200277 a 4500
005 - DATE AND TIME OF LATEST TRANSACTION
control field 20260317110042.0
020 ## - INTERNATIONAL STANDARD BOOK NUMBER
International Standard Book Number 0736802487
020 ## - INTERNATIONAL STANDARD BOOK NUMBER
International Standard Book Number 9780736882194
040 ## - CATALOGING SOURCE
Original cataloging agency DLC
Transcribing agency DLC
Modifying agency DLC
Language of cataloging eng
050 00 - LIBRARY OF CONGRESS CALL NUMBER
Classification number QL377.C7
Item number S25 1999
082 00 - DEWEY DECIMAL CLASSIFICATION NUMBER
Classification number 593.6
Edition number 21
100 1# - MAIN ENTRY--PERSONAL NAME
Personal name Schaefer, Lola M.,
Dates associated with a name 1950-
245 10 - TITLE STATEMENT
Title Sea anemones /
Statement of responsibility, etc. by Lola M. Schaefer ; consulting editor, Gail Saunders-Smith.
260 ## - PUBLICATION, DISTRIBUTION, ETC.
Place of publication, distribution, etc. Mankato, Minn :
Name of publisher, distributor, etc. Pebble Books,
Date of publication, distribution, etc. 1999.
300 ## - PHYSICAL DESCRIPTION
Extent 24 pages. :
Other physical details colors. illustrations. ;
Dimensions 19 cm.
505 ## - FORMATTED CONTENTS NOTE
Formatted contents note D <br/>
520 ## - SUMMARY, ETC.
Summary, etc. In simple text and illustrations, describes the sea anemone.
521 ## - TARGET AUDIENCE NOTE
Target audience note 180 <br/>
Source Lexile <br/>
521 ## - TARGET AUDIENCE NOTE
Target audience note D <br/><br/>
Source Raz-Plus <br/>
650 #0 - SUBJECT ADDED ENTRY--TOPICAL TERM
Topical term or geographic name entry element Sea anemones
General subdivision Non-fiction.
650 #1 - SUBJECT ADDED ENTRY--TOPICAL TERM
Topical term or geographic name entry element Sea anemones.
700 1# - ADDED ENTRY--PERSONAL NAME
Personal name Saunders-Smith, Gail.
906 ## - LOCAL DATA ELEMENT F, LDF (RLIN)
a 7
b cbc
c orignew
d 1
e ocip
f 19
g y-gencatlg
942 ## - ADDED ENTRY ELEMENTS (KOHA)
Source of classification or shelving scheme Dewey Decimal Classification
Koha item type Books
Suppress in OPAC No
999 ## -
-- 882
-- 882
Holdings
Withdrawn status Lost status Source of classification or shelving scheme Damaged status Not for loan Collection Home library Current library Shelving location Date acquired Total Checkouts Full call number Barcode Date last seen Copy number Price effective from Koha item type
    Dewey Decimal Classification     Non-Fiction Footprints International School Library Network Toul Tom Poung Campus Footprints International School Library Network Toul Tom Poung Campus TTP Primary Green Bookshelves 07/13/2023   SCH 593.6 QL377.C7 FIS03220 07/13/2023 1 07/13/2023 Books
    Dewey Decimal Classification     Non-Fiction Footprints International School Library Network Toul Tom Poung Campus Footprints International School Library Network Toul Tom Poung Campus TTP Primary Green Bookshelves 09/03/2025   SCH 593.6 QL377.C7 FISTK03587 09/03/2025 2 09/03/2025 Books
    Dewey Decimal Classification     Non-Fiction Footprints International School Library Network Toul Tom Poung Campus Footprints International School Library Network Toul Tom Poung Campus TTP Primary Green Bookshelves 03/17/2026   SCH 593.6 QL377.C7 2026-0332 03/17/2026 3 03/17/2026 Books